000 00555nam a22001577a 4500
003 NUST
038 _aNusrat Nadeem
082 _a200
100 _aKhan, Muhammad Dawood
_9131617
245 _aTHE LEVEL, STRUCTURE, AND DETERMINANTS OF THE INTRA-INDUSTRY TRADE: AN ANALYSIS OF FINAL AND INTERMEDIATE GOODS/
_cMuhammad Dawood Khan,
264 _aIslamabad:
_bS3H NUST.
_c2025.
650 _aMS- Economics
_9123068
700 _aSupervisor: Dr. Zafar Mahmood
_9123161
856 _u http://10.250.8.41:8080/xmlui/handle/123456789/55850
942 _2ddc
_cSC
999 _c615244
_d615244